000
00312nam a22001457a 4500
003
SGT
020
_a
978-93-81484-06-7
082
_a
615.53
_b
B19K
100
_a
KATYAYAN, ABHAY
245
_a
BALTANTRAM
260
_a
VARANASI
_b
CHAUKHAMBA PUB
_c
2109
300
_a
178
650
_a
AYURVEDA
942
_2
ddc
_c
BK
_0
1
999
_c
16533
_d
16533